[Event "AUTO-INT-984"]
[Site "http://www.queenalice.com/game.php?id=440598"]
[Date "2008.7.29"]
[Round "1"]
[White "Leijoto"]
[Black "MarcosT"]
[Result "0-1"]
[WhiteElo "1639"]
[BlackElo "1623"]

1. e4 e5 2. Nf3 d6 3. Bc4 Be7 4. O-O a6 5. d4 b5 6. Bd3 Bg4 7. d5 h6 8. Be3 Nf6
9. Nbd2 c5 10. c4 O-O 11. a4 bxc4 12. Nxc4 Nbd7 13. Be2 Nxe4 14. Nh4 Bxe2 15.
Qxe2 Bxh4 16. g3 Bg5 17. Bxg5 Nxg5 18. Nxd6 Nb6 19. Qxe5 Nf3+ 20. Kh1 Nxe5 21.
Ne4 Qxd5 22. Rfe1 f5 0-1

[Event "AUTO-INT-984"]
[Site "http://www.queenalice.com/game.php?id=440609"]
[Date "2008.7.29"]
[Round "1"]
[White "elisangela"]
[Black "Leijoto"]
[Result "0-1"]
[WhiteElo "1741"]
[BlackElo "1607"]

1. e3 e5 2. a3 Nf6 3. h3 g6 4. g4 Bg7 5. d3 O-O 6. Be2 d5 7. g5 Nfd7 8. h4 e4 9.
c3 Nc6 10. Nd2 Nde5 11. Qc2 exd3 12. Bxd3 Nxd3+ 13. Qxd3 Bg4 14. f3 Be6 15. b4
Ne5 16. Qb5 b6 17. Ne2 a6 18. Qa4 Bd7 19. Qc2 Bf5 20. e4 dxe4 21. Nxe4 Nxf3+ 22.
Kf2 Re8 23. Rd1 Qe7 24. N2g3 Bxe4 25. Nxe4 Qxe4 26. Qxe4 Rxe4 27. Kxf3 Rxh4 28.
Bf4 Bxc3 29. Rac1 Bb2 30. Rxc7 Bxa3 31. Kg3 Rh5 32. Bd6 Rxg5+ 33. Kf4 Rf5+ 34.
Kg3 Rd8 35. Rc6 Rg5+ 36. Kf4 Rf5+ 37. Kg4 Re8 38. Rxb6 Re4+ 39. Kg3 Re3+ 40. Kg4
h5+ 41. Kh4 Kg7 42. Rxa6 Bb2 43. Bc5 Ref3 44. Bd4+ Bxd4 45. Rxd4 Kh6 46. Rad6 f6
47. Rg4 g5+ 48. Rxg5 Rxg5 0-1

[Event "AUTO-INT-984"]
[Site "http://www.queenalice.com/game.php?id=440610"]
[Date "2008.7.29"]
[Round "1"]
[White "Leijoto"]
[Black "elisangela"]
[Result "0-1"]
[WhiteElo "1536"]
[BlackElo "1667"]

1. e4 a6 2. Nf3 e6 3. d4 b5 4. Bg5 Be7 5. Bxe7 Qxe7 6. Be2 Bb7 7. Nc3 b4 8. Rb1
bxc3 9. bxc3 Bxe4 10. Ne5 d6 11. Nf3 h6 12. O-O Nf6 13. Rb7 Bxb7 14. Bc4 Ne4 15.
d5 Nxc3 16. Qa1 Qf6 17. a4 O-O 18. Re1 Bxd5 19. Bxd5 Nxd5 20. Nd4 e5 21. Nf3 Nd7
22. c4 N5b6 23. Nd2 Rae8 24. Ne4 Qe6 25. Qd1 Qxc4 26. Qg4 Kh8 27. Ng3 Qxg4 0-1

[Event "AUTO-INT-984"]
[Site "http://www.queenalice.com/game.php?id=440615"]
[Date "2008.7.29"]
[Round "1"]
[White "xadrezpetry"]
[Black "Leijoto"]
[Result "1-0"]
[WhiteElo "1490"]
[BlackElo "1599"]

1. e4 e5 2. Qh5 Nf6 3. Qxe5+ Be7 4. Qg5 O-O 5. h4 Nxe4 6. Qf4 d5 7. h5 Bg5 8.
Qe5 c6 9. Nf3 Nd7 10. Qf5 Ndf6 11. Qe5 Re8 12. Qd4 Ng3+ 13. Be2 Nxh1 14. Nxg5
Qe7 15. Qe3 Qb4 16. a3 Qh4 17. g3 Rxe3 18. gxh4 Bg4 19. dxe3 Bxh5 20. Bxh5 Nxh5
21. Nc3 Nf6 22. Kf1 Ng4 23. Nh3 Re8 24. Kg1 d4 25. Ne2 dxe3 26. Bxe3 Nxe3 27.
fxe3 Rxe3 28. Rd1 h6 29. Nhf4 Ng3 30. Nxg3 Rxg3+ 31. Ng2 f5 32. Rd8+ Kf7 33.
Rd7+ Ke6 34. Rxb7 a5 35. Ra7 f4 36. Kf2 g5 37. Rxa5 g4 38. Nxf4+ Kf6 39. Kxg3
1-0

[Event "AUTO-INT-984"]
[Site "http://www.queenalice.com/game.php?id=440616"]
[Date "2008.7.29"]
[Round "1"]
[White "Leijoto"]
[Black "xadrezpetry"]
[Result "1-0"]
[WhiteElo "1554"]
[BlackElo "1434"]

1. e4 e5 2. Bc4 Qh4 3. Qf3 Nf6 4. Nh3 Nxe4 5. Qxf7+ Kd8 6. d3 Nd6 7. Bg5+ Qxg5
8. Nxg5 Nxf7 9. Nxf7+ Ke8 10. Nxh8 d6 11. O-O Nc6 12. Nc3 Nd4 13. Nb5 Kd8 14.
Nxd4 exd4 15. Bd5 c6 16. Bf3 Ke8 17. Rae1+ Be7 18. Re4 Kf8 19. Rf4+ Bf6 20. Re1
Bd7 21. Bh5 Kg8 22. Nf7 Re8 23. Rfe4 Rxe4 24. Rxe4 g6 25. Bxg6 d5 26. Rf4 hxg6
27. Rxf6 Kg7 28. Ne5 Kxf6 29. Nxd7+ Ke7 30. Ne5 g5 31. h3 Kf6 32. Nd7+ Kf5 33.
Nc5 a5 34. Nxb7 a4 35. a3 Ke5 36. Nc5 Kd6 37. Nxa4 c5 38. Nb6 Kc6 39. Nc8 c4 40.
Ne7+ Kc5 41. g3 c3 42. bxc3 dxc3 43. h4 Kb5 44. hxg5 Ka4 45. Nxd5 Kxa3 46. Nxc3
Kb2 47. Nd5 Kxc2 48. g6 Kxd3 49. g7 Ke4 50. Nf4 Kf5 51. g8=Q Ke4 52. Qd5# 1-0

[Event "AUTO-INT-993"]
[Site "http://www.queenalice.com/game.php?id=444469"]
[Date "2008.8.6"]
[Round "1"]
[White "ricardosf"]
[Black "Leijoto"]
[Result "1-0"]
[WhiteElo "1413"]
[BlackElo "1550"]

1. e4 e5 2. d4 Nc6 3. d5 Nd4 4. c3 Nb5 5. Bxb5 Nf6 6. Bg5 Be7 7. Nf3 c6 8. dxc6
bxc6 9. Ba4 O-O 10. Nxe5 Nxe4 11. Bxe7 Qxe7 12. f4 Qh4+ 13. g3 Qh3 14. Nd2 Qf5
15. Nxe4 Qxe4+ 16. Kf2 c5 17. Re1 Qc4 18. Nxc4 d5 19. Nd6 Be6 20. f5 Bxf5 21. b4
Be6 22. bxc5 g6 23. Rc1 Rab8 24. Rb1 Rxb1 25. Qxb1 f5 26. Rxe6 1-0

[Event "AUTO-INT-993"]
[Site "http://www.queenalice.com/game.php?id=444470"]
[Date "2008.8.6"]
[Round "1"]
[White "Leijoto"]
[Black "ricardosf"]
[Result "1-0"]
[WhiteElo "1545"]
[BlackElo "1405"]

1. e4 d5 2. e5 h5 3. d4 Bg4 4. f3 Bxf3 5. Qxf3 f6 6. Bf4 fxe5 7. Bxe5 Nc6 8. Bb5
a6 9. Bxc6+ bxc6 10. Ne2 e6 11. Nbc3 Bd6 12. Bxg7 Rh7 13. Be5 Bxe5 14. dxe5 Rf7
15. Qxh5 c5 16. Rf1 Qe7 17. O-O-O d4 18. Ne4 c4 19. Rxf7 Qxf7 20. Qxf7+ Kxf7 21.
Rxd4 Rc8 22. h4 1-0

[Event "AUTO-INT-993"]
[Site "http://www.queenalice.com/game.php?id=444485"]
[Date "2008.8.6"]
[Round "1"]
[White "Jane"]
[Black "Leijoto"]
[Result "0-1"]
[WhiteElo "1659"]
[BlackElo "1548"]

1. e4 e5 2. Nf3 d6 3. Bc4 h6 4. d4 exd4 5. Qxd4 Nc6 6. Qc3 Nf6 7. Nbd2 Be7 8. e5
d5 9. exf6 Bxf6 10. Qe3+ Be6 11. Bxd5 Qxd5 12. c4 Qd8 13. Rb1 Qe7 14. b3 O-O-O
15. O-O Nd4 16. Nxd4 Bxd4 17. Qf3 g5 18. Ne4 g4 19. Qd3 Bxf2+ 20. Rxf2 Rxd3 21.
Bf4 h5 22. Bg5 Qd7 23. Nc5 Rd1+ 24. Rf1 Rxf1+ 25. Rxf1 Qc6 26. Nxe6 Qxe6 27. Rd1
b6 28. Bf4 Qe2 29. Rf1 Rd8 30. h3 g3 31. Bxg3 Rd2 32. Rxf7 Qxg2# 0-1

[Event "AUTO-INT-993"]
[Site "http://www.queenalice.com/game.php?id=444486"]
[Date "2008.8.6"]
[Round "1"]
[White "Leijoto"]
[Black "Jane"]
[Result "0-1"]
[WhiteElo "1561"]
[BlackElo "1646"]

1. e4 e5 2. Nf3 Nc6 3. d4 exd4 4. Nxd4 Nxd4 5. Qxd4 Nf6 6. Bg5 d6 7. Bc4 Be6 8.
Bd3 d5 9. e5 h6 10. exf6 hxg5 11. fxg7 Rg8 12. gxf8=Q+ Rxf8 13. O-O Qd6 14. Nc3
c5 15. Nb5 Qc6 16. Qe5 c4 17. Nd6+ Kd7 18. Be2 Qxd6 19. Qxg5 Rg8 20. Qd2 Bh3 21.
f4 Rxg2+ 22. Kh1 Rag8 23. Rg1 Rxg1+ 24. Rxg1 Rxg1+ 25. Kxg1 Qc5+ 26. Kh1 d4 27.
b4 Qd5+ 28. Bf3 Qxf3+ 29. Kg1 Qf1# 0-1

[Event "AUTO-INT-993"]
[Site "http://www.queenalice.com/game.php?id=444495"]
[Date "2008.8.6"]
[Round "1"]
[White "Brunao"]
[Black "Leijoto"]
[Result "1-0"]
[WhiteElo "1460"]
[BlackElo "1565"]

1. d4 d5 2. g3 Nc6 3. Bh3 e6 4. f4 Nf6 5. Na3 Bb4+ 6. c3 Bxa3 7. bxa3 Bd7 8. Qb3
Na5 9. Qb4 b6 10. Nf3 Nc6 11. Qb2 O-O 12. Nh4 a5 13. O-O Ne7 14. Qc2 Nf5 15. g4
Nxh4 16. a4 Ne4 17. Qd3 f5 18. gxf5 exf5 19. c4 Bxa4 20. Be3 Be8 21. Rfc1 Bh5
22. c5 Qf6 23. cxb6 Qg6+ 24. Kh1 cxb6 25. Rg1 Qf6 26. a4 h6 27. Rae1 g5 28. fxg5
hxg5 29. Bxg5 Nxg5 30. Qb5 Bf3+ 31. exf3 Nxf3 32. Qxd5+ Kh7 33. Bxf5+ Kh6 34. h4
Nh3 35. Rg6+ Qxg6 36. Bxg6 Nxe1 37. Qh5+ Kg7 38. Kh2 Nf4 39. Qe5+ Kh6 40. Qxe1
Nxg6 41. Kh3 Rae8 42. Qd2+ Kh5 43. Qg5# 1-0

[Event "AUTO-INT-993"]
[Site "http://www.queenalice.com/game.php?id=444496"]
[Date "2008.8.6"]
[Round "1"]
[White "Leijoto"]
[Black "Brunao"]
[Result "0-1"]
[WhiteElo "1555"]
[BlackElo "1480"]

1. e4 e5 2. Nf3 Bd6 3. d4 Nc6 4. d5 Na5 5. Be2 Nf6 6. Bd3 c5 7. c4 a6 8. Bg5 b5
9. b3 bxc4 10. bxc4 h6 11. Bxf6 gxf6 12. O-O Rg8 13. Nbd2 Rb8 14. Nb3 Bc7 15.
Nxc5 Rb4 16. a3 Rb2 17. Qa4 Qe7 18. Rab1 Rd2 19. Nxd2 Qxc5 20. Be2 Qd4 21. Rfd1
Qc3 22. h3 Kf8 23. Rbc1 Qd4 24. c5 Qxa4 25. d6 Qxa3 26. dxc7 Qxh3 27. g3 Nc6 28.
Bf1 Qh4 29. Kg2 f5 30. exf5 e4 31. Kg1 e3 32. Nf3 exf2+ 33. Kxf2 Qxg3+ 34. Ke3
Qxc7 35. Rd6 a5 36. Rxh6 Bb7 37. Be2 Qd8 38. Rch1 Qe7+ 39. Kf2 Qxc5+ 40. Ke1 Rg2
41. Rh8+ Ke7 42. R1h2 Qf2+ 43. Kd2 Qxe2+ 0-1

[Event "QA-ANNIV-04"]
[Site "http://www.queenalice.com/game.php?id=445647"]
[Date "2008.8.8"]
[Round "2"]
[White "Leijoto"]
[Black "scaramouche"]
[Result "0-1"]
[WhiteElo "1569"]
[BlackElo "1763"]

1. e4 c5 2. Nc3 g6 3. Bc4 Bg7 4. Nf3 Nc6 5. Nd5 e6 6. Nc3 Nge7 7. O-O O-O 8. d4
cxd4 9. Nxd4 Nxd4 10. Bg5 Ndc6 11. Qd6 a6 12. Na4 b5 13. Bxb5 axb5 14. Nc5 Qe8
15. Rfd1 f6 16. Nxd7 Bxd7 17. Qxd7 Qxd7 18. Rxd7 fxg5 0-1

[Event "Challenge"]
[Site "http://www.queenalice.com/game.php?id=454176"]
[Date "2008.8.26"]
[Round "-"]
[White "ousado"]
[Black "Leijoto"]
[Result "0-1"]
[WhiteElo "1827"]
[BlackElo "1522"]

1. e4 e5 2. Nf3 d6 3. d4 Nc6 4. Bb5 Bd7 5. O-O Qe7 6. Nc3 Nf6 7. d5 Nb4 8. a4 a6
9. Bxd7+ Qxd7 10. Re1 g6 11. h3 Bg7 12. Qe2 O-O 13. b3 c6 14. Ba3 c5 15. a5 h5
16. Na4 Qd8 17. c3 b5 18. Nb6 Ra7 19. cxb4 Nd7 20. bxc5 dxc5 21. Nxd7 Qxd7 22.
Bxc5 Rc7 23. Bxf8 Bxf8 24. Nxe5 Qd6 25. f4 Qf6 26. Qf2 Bc5 27. Qxc5 Rxc5 0-1

[Event "AUTO-INT-921"]
[Site "http://www.queenalice.com/game.php?id=459782"]
[Date "2008.9.7"]
[Round "2"]
[White "lcristante"]
[Black "Leijoto"]
[Result "1-0"]
[WhiteElo "1793"]
[BlackElo "1611"]

1. e4 e5 2. Nf3 Nc6 3. Bb5 d5 4. Nxe5 Nf6 5. Nc3 Be6 6. Nxc6 bxc6 7. Bxc6+ Nd7
8. Bxa8 Qxa8 9. exd5 Bxd5 10. Nxd5 Qxd5 11. Qe2+ Be7 12. O-O O-O 13. Qxe7 h6 14.
b3 Qe5 15. Qxe5 Nxe5 16. Bb2 f6 17. Bxe5 fxe5 18. Rfe1 1-0

[Event "AUTO-INT-921"]
[Site "http://www.queenalice.com/game.php?id=459783"]
[Date "2008.9.7"]
[Round "2"]
[White "Leijoto"]
[Black "lcristante"]
[Result "0-1"]
[WhiteElo "1622"]
[BlackElo "1747"]

1. e4 e5 2. Bc4 Nf6 3. Nf3 Nc6 4. O-O Bc5 5. Ng5 d5 6. Bb5 O-O 7. Be2 dxe4 8.
Bc4 h6 9. Nh3 Bg4 10. Be2 Bxh3 11. gxh3 Nd4 12. Bc4 Qd7 13. Nc3 Nf3+ 14. Kg2
Nh4+ 15. Kg3 Qf5 16. Kxh4 Qg5# 0-1

[Event "pega pra capar"]
[Site "http://www.queenalice.com/game.php?id=501701"]
[Date "2008.12.2"]
[Round "-"]
[White "Leijoto"]
[Black "galaksoda"]
[Result "0-1"]
[WhiteElo "1628"]
[BlackElo "1876"]

1. e4 c5 2. Nf3 Nf6 3. d4 Nxe4 4. Be3 d5 5. dxc5 e6 6. b4 g6 7. Qd4 Nf6 8. Bb5+
Bd7 9. Bxd7+ Nbxd7 10. Ne5 Nxe5 11. Qxe5 Bg7 12. Nd2 O-O 13. Nf3 Nd7 14. Qd6
Bxa1 15. Bh6 Bc3+ 16. Nd2 Bxd2+ 17. Kxd2 Re8 18. b5 Nf6 19. Qe5 Qa5+ 20. Kc1 Qd8
21. c6 bxc6 22. bxc6 Rc8 23. Qc3 d4 24. Qf3 e5 25. Rd1 Re6 26. c3 Rexc6 27. Kb2
Rb8+ 28. Ka1 Rxc3 29. Qxc3 dxc3 30. Rxd8+ Rxd8 31. Kb1 Ne4 0-1

[Event "Challenge"]
[Site "http://www.queenalice.com/game.php?id=517282"]
[Date "2009.1.5"]
[Round "-"]
[White "Poirot"]
[Black "Leijoto"]
[Result "1-0"]
[WhiteElo "1698"]
[BlackElo "1594"]

1. e4 e5 2. Nf3 Nc6 3. Bb5 Nf6 4. O-O Nxe4 5. d3 Nf6 6. Nc3 g6 7. Re1 d6 8.
Bxc6+ bxc6 9. Bg5 Bg4 10. d4 Bg7 11. dxe5 dxe5 12. Qxd8+ Rxd8 13. Nxe5 Rd2 14.
Nc4+ Re2 15. Nxe2 Bxe2 16. Rxe2+ Kd7 17. Ne5+ Ke6 18. Nxc6+ Kf5 19. Re5+ Kg4 20.
h3+ Kh5 21. Bxf6+ 1-0

[Event "Leijoto X Poirot"]
[Site "http://www.queenalice.com/game.php?id=518219"]
[Date "2009.1.6"]
[Round "-"]
[White "Leijoto"]
[Black "Poirot"]
[Result "0-1"]
[WhiteElo "1582"]
[BlackElo "1710"]

1. e4 e5 2. Bc4 Nf6 3. Nc3 Nxe4 4. Nxe4 d5 5. Bd3 dxe4 6. Bxe4 Bc5 7. Nf3 Nd7 8.
O-O Nf6 9. Bd3 O-O 10. Nxe5 Qe8 11. Nf3 Bd6 12. Be2 Bg4 13. d4 Rd8 14. Bg5 Qe7
15. Re1 c5 16. Bc4 Qc7 17. h3 Rde8 18. dxc5 Qxc5 19. b3 Rxe1+ 20. Qxe1 Bxf3 0-1